000 00339nam a2200145Ia 4500
008 210210b1962 xxu||||| |||| 00| 0 eng d
082 _a294.3 HUMB
100 _aHUMPHREYS (Christmas).
245 _aBuddhism. Ed 3.
250 _a
260 _aEngland.
_bPenguin Books
_c1962
300 _a256
690 _aBuddhism
906 _aSG01232
999 _c112649
_d112649